| 000 | 00369nam a2200145 a 4500 | ||
|---|---|---|---|
| 001 | 1166 | ||
| 003 | CDMR | ||
| 005 | 20130708120224.0 | ||
| 008 | 130130s1994||||||||||||||||||||||||||||d | ||
| 040 |
_aCDMR _bcat _cCPC GIRONA |
||
| 100 | 1 |
_aPlans, Lluïsa _9913 |
|
| 245 | 1 | 0 |
_aEn defensa pròpia _bJacint Verdaguer _cPlans Lluïsa |
| 260 |
_c1994 _bLa Magrana |
||
| 942 |
_cMON _2udc |
||
| 999 |
_c1166 _d1166 |
||